Manual de Historia del México Contemporáneo, (1917-1940) (Registro nro. 10211)
[ vista simple ]
| 000 -LEADER | |
|---|---|
| fixed length control field | 00891nam a22002177a 4500 |
| 005 - DATE AND TIME OF LATEST TRANSACTION | |
| control field | 20250324141405.0 |
| 008 - FIXED-LENGTH DATA ELEMENTS--GENERAL INFORMATION | |
| fixed length control field | 110630t mx||||| |||| 00| 0 spa d |
| 020 ## - INTERNATIONAL STANDARD BOOK NUMBER | |
| International Standard Book Number | 9688376752 |
| 050 04 - LIBRARY OF CONGRESS CALL NUMBER | |
| Classification number | F1234 |
| Item number | M36 1988 |
| 245 00 - TITLE STATEMENT | |
| Title | Manual de Historia del México Contemporáneo, (1917-1940) |
| Statement of responsibility, etc | / coordinadoras Alejandra Lajous y Margarita Ávila Ramírez...[et al.].. |
| 250 ## - EDITION STATEMENT | |
| Edition statement | 1a ed. |
| 260 ## - PUBLICATION, DISTRIBUTION, ETC. (IMPRINT) | |
| Place of publication, distribution, etc | México : |
| Name of publisher, distributor, etc | Universidad Nacional Autónoma de México , |
| Date of publication, distribution, etc | 1988 |
| 300 ## - PHYSICAL DESCRIPTION | |
| Extent | 357 p. : |
| Other physical details | ilustraciones ; |
| Dimensions | 28 cm. |
| 504 ## - BIBLIOGRAPHY, ETC. NOTE | |
| Bibliography, etc | Incluye bibliografía e índice |
| 651 #7 - SUBJECT ADDED ENTRY--GEOGRAPHIC NAME | |
| Source of heading or term | lemb |
| Geographic name | México |
| General subdivision | Historia |
| Chronological subdivision | 1910-1946 |
| 651 #7 - SUBJECT ADDED ENTRY--GEOGRAPHIC NAME | |
| Source of heading or term | ESCAMILLA |
| Geographic name | México |
| Form subdivision | Constitución |
| General subdivision | Historia |
| Chronological subdivision | 1917 |
| 700 1# - ADDED ENTRY--PERSONAL NAME | |
| Personal name | Lajous, Alejandra, |
| Relator term | coord. |
| 700 1# - ADDED ENTRY--PERSONAL NAME | |
| Personal name | Ávila Ramírez, Margarita, |
| Relator term | coord. |
| 710 2# - ADDED ENTRY--CORPORATE NAME | |
| Corporate name or jurisdiction name as entry element | Universidad Nacional Autónoma de México, (UNAM) |
| Subordinate unit | Instituto de Investigaciones Históricas |
| 942 ## - ADDED ENTRY ELEMENTS (KOHA) | |
| Source of classification or shelving scheme | Biblioteca del Cogreso de los Estados Unidos |
| Koha item type | Libro |
| Estado de pérdida | Fuente de clasificación | Estado del daño | No para préstamo | Ubicación permanente | Ubicación actual | Apartado o colección | Fecha de adquisición | Edición | Dependencia de educación superior (DES) | Área del conocimiento | Clasificación | Código de Barras | Date last seen | Número de copia | Costo por reposición | Tipo de recurso |
|---|---|---|---|---|---|---|---|---|---|---|---|---|---|---|---|---|
| Biblioteca del Cogreso de los Estados Unidos | Biblioteca del Instituto de Investigaciones Históricas | Biblioteca del Instituto de Investigaciones Históricas | General | 24/03/2025 | 1a ed. | Humanidades | Ciencias Sociales y Administrativas | F1234 M36 1988 | IIH000007072 | 30/06/2011 | 1 | 1.00 | Libro | |||
| Biblioteca del Cogreso de los Estados Unidos | Biblioteca del Instituto de Investigaciones Históricas | Biblioteca del Instituto de Investigaciones Históricas | General | 24/03/2025 | 1a ed. | Humanidades | Ciencias Sociales y Administrativas | F1234 M36 1988 | IIH000012524 | 03/09/2014 | 2 | 1.00 | Libro | |||
| Biblioteca del Cogreso de los Estados Unidos | Biblioteca del Instituto de Investigaciones Históricas | Biblioteca del Instituto de Investigaciones Históricas | General | 24/03/2025 | 1a ed. | Humanidades | Ciencias Sociales y Administrativas | F1234 M36 1988 | IIH000012525 | 03/09/2014 | 3 | 1.00 | Libro |